01998nam a2200337 4500003000900000005001700009008004100026040004600067082001600113092000700129099003700136100003200173245016100205264006500366300002600431336002200457337002400479338003300503500033600536650006400872650002800936651001000964700006700974856005701041905001301098942001901111999001701130952017101147952017101318952017101489EG-GICUC20260407234259.0260328b1986 ua|||||f |||| 00| 0 ara d a EG-GICUCbarac EG-GICUCd EG-GICUCerda04221a343.42304221 aLaw1 10 343.423 م ع . ج 19860 aمعوض عبدالتواب10aجرائم التلوث من الناحيتين القانونية والفنية /cمعوض عبدالتواب، مصطفى معوض عبدالتواب. aالإسكندرية:bمنشأة المعارف;c1986. a471 صفحةc24 سم 2rda contentatext 2rda mediaaComputer 2rda carrieraOnline Resource aيشتمل على شرح لكافة قوانين التلوث وحماية البيئة - تلوث المياه - والبحار - تلوث الهواء - تلوث التربة - التلوث الذري مابيان المعايير الفنمية ووسائل الكشف عنه وأسباب امتناع المسئولية14aالتشريعات المتعلقة بالبيئة2qrmak14aتلوث البيئة1 2qrmak aمصطفى معوض عبدالتوابeمؤلف مشارك.40uhttps://fll.law.cu.edu.eg/fulltext/bks/B10-06590.pdf a17eYara 2ddcn0cBKe21 c67092d67092 00102ddc40718القانون الجنائيaCUbLAW1d2026-03-28l0oLaw1 10 343.423 م ع . ج 1986 1006590 C1pB10-06590r2026-03-28 22:23:40w2026-03-28yBK 00102ddc40708القانون الجنائيaCUbLAW1d2026-03-28l0oLaw1 10 343.423 م ع . ج 1986 1006591 C2pB10-06591r2026-03-28 22:24:56w2026-03-28yBK 00102ddc40708القانون الجنائيaCUbLAW2d2026-03-28l0oLaw2 10 343.423 م ع . ج 1986 1006593 C3pB10-06593r2026-03-28 22:26:36w2026-03-28yBK